000 00683nam a2200229Ia 4500
003 OSt
005 20220923214759.0
006 a|||||r|||| 00| 0
007 ta
008 220922b |||||||| |||| 00| 0 hin d
024 _a172,689
037 _cTextual
040 _aARTS
_cARTS
_bhin
041 _2hin
_ahin
082 _aO152:3NMI3:1, K6
100 _aमिश्र, राघवेन्द्र
_9156365
245 0 _aपानी विच मीन पियासी
246 _aPānī vich mīn piyāsī
260 _c1966
942 _hO152:3NMI3:1, K6
_cTEXL
_2CC
999 _c326697
_d326697